BSOP header

Messianic Jews : (Record no. 48961)

MARC details
000 -LEADER
fixed length control field 00787nam a2200277 a 4500
001 - CONTROL NUMBER
control field 1603468
005 - DATE AND TIME OF LATEST TRANSACTION
control field 20191121140109.0
008 - FIXED-LENGTH DATA ELEMENTS--GENERAL INFORMATION
fixed length control field 940408s1993 enk b 000 0 eng d
010 ## - LIBRARY OF CONGRESS CONTROL NUMBER
LC control number 94142774
015 ## - NATIONAL BIBLIOGRAPHY NUMBER
National bibliography number GB93-61155
020 ## - INTERNATIONAL STANDARD BOOK NUMBER
International Standard Book Number 1854242288
035 ## - SYSTEM CONTROL NUMBER
System control number (OCoLC)29389667
040 ## - CATALOGING SOURCE
Original cataloging agency Uk
Transcribing agency Uk
Modifying agency DLC
042 ## - AUTHENTICATION CODE
Authentication code lccopycat
100 1# - MAIN ENTRY--PERSONAL NAME
Personal name Fieldsend, John,
Dates associated with a name 1931-
245 10 - TITLE STATEMENT
Title Messianic Jews :
Remainder of title challenging church and synagogue /
Statement of responsibility, etc John Fieldsend.
260 ## - PUBLICATION, DISTRIBUTION, ETC. (IMPRINT)
Place of publication, distribution, etc Tunbridge Wells :
Name of publisher, distributor, etc MARC,
Date of publication, distribution, etc 1993.
300 ## - PHYSICAL DESCRIPTION
Extent 160 p. ;
Dimensions 20 cm.
336 ## - CONTENT TYPE
Content Type Term text
337 ## - MEDIA TYPE
Media Type Term unmediated
338 ## - CARRIER TYPE
Carrier Type Term volume
500 ## - GENERAL NOTE
General note "Co-published with Olive Press"--Cover.
504 ## - BIBLIOGRAPHY, ETC. NOTE
Bibliography, etc Includes bibliographical references (p. 158-160).
650 #0 - SUBJECT ADDED ENTRY--TOPICAL TERM
Topical term or geographic name as entry element Jewish Christians.
942 ## - ADDED ENTRY ELEMENTS (KOHA)
Source of classification or shelving scheme Library of Congress Classification
Item type Books
Holdings
Withdrawn status Lost status Source of classification or shelving scheme Damaged status Not for loan Home library Current library Shelving location Date acquired Source of acquisition Inventory number Total Checkouts Full call number Barcode Date last seen Price effective from Koha item type
    Library of Congress Classification     BSOP Library BSOP Library GC 11/21/2019 Hilfe Fur Bruder 15454   BR158 F46 00056994 11/21/2019 11/21/2019 Books
BSOP

Biblical Seminary of the Philippines
  All rights Reserved
  © 2024

CONTACT INFORMATION

Biblical Seminary of the Philippines,
  77-B Karuhatan Road, Valenzuela City,
  PHILIPPINES 1441
  Phone: +632 8292-6795 / 8292-6798
  Fax : +632 8292-6675
  Email: library@bsop.edu.ph